| 000 | 00000nam 2200000zi 4500 |
| 001 | 9.939559 |
| 003 | CaOODSP |
| 005 | 20250120101443 |
| 006 | m o d f |
| 007 | cr |n||||||||| |
| 008 | 240620e19820908oncad ob f000 0|eng d |
| 040 | |aCaOODSP|beng|erda|cCaOODSP |
| 043 | |an-cn--- |
| 086 | 1 |aCo26-32/1982E-PDF |
| 245 | 00|aForecast of federal government market for office automation equipment & communication services / |cprepared by DPA Consulting Ltd. |
| 264 | 1|aOttawa, Ontario : |bDepartment of Communications, |cSeptember 8, 1982. |
| 300 | |a1 online resource (1 volume (various pagings)) : |billustrations, graphs |
| 336 | |atext|btxt|2rdacontent |
| 337 | |acomputer|bc|2rdamedia |
| 338 | |aonline resource|bcr|2rdacarrier |
| 500 | |aDigitized edition from print [produced by Innovation, Science and Economic Development Canada]. |
| 500 | |aIssued also in French under title: Prévision du marché pour le matériel de bureautique et les services de communications au gouvernement fédéral. |
| 504 | |aIncludes bibliographical references. |
| 650 | 0|aExecutive departments|zCanada. |
| 650 | 0|aOffice equipment and supplies|zCanada. |
| 650 | 0|aOffice practice|zCanada|xAutomation. |
| 710 | 1 |aCanada. |bDepartment of Communications, |eissuing body. |
| 775 | 08|tPrévision du marché pour le matériel de bureautique et les services de communications au gouvernement fédéral / |w(CaOODSP)9.947107 |
| 856 | 40|qPDF|s3.36 MB|uhttps://publications.gc.ca/collections/collection_2025/isde-ised/co26/Co26-32-1982-eng.pdf |